000
00297nam a2200121Ia 4500
005
20251222143234.0
008
251222s9999||||xx |||||||||||||| ||spa||
082
_a
348.55/B64I
100
_a
Blossiers Hüme, Juan José
245
0
_a
Informática Jurídica
264
_b
Portocarrero
942
_c
LIB
999
_c
14326
_d
14326